000 00571nam a2200169Ia 4500
008 090711s9999 xx 000 0 und d
082 _b1029
100 _aजोशी िSां. वि.
245 _aSाार दिवस सुनेSो
260 _bकॉन्टीनेन्टल प्रकाशन
_c1995
300 _a167
600 _aजोशी िSां. वि.
630 _aSाार दिवस सुनेSो
700 _aजोशी िSां. वि.
730 _aSाार दिवस सुनेSो
942 _cBOOK
999 _c324523
_d324523